| 000 | 00475cam a2200181ua 4500 | ||
|---|---|---|---|
| 020 | _c3.15 | ||
| 041 |
_aeng _h |
||
| 082 |
_a621.3 _bGAR/EL |
||
| 100 | _aGardner, John.W . | ||
| 245 |
_aElectricity without Dynamos : The coming Revolution in power generation / _cW.John Gardner. _hTextual Documents |
||
| 250 |
_a1 / _b. |
||
| 260 |
_a : _bPenguin books Ltd , _c1963. |
||
| 300 | _a157 ; . | ||
| 365 | _a3.15 | ||
| 504 | _a | ||
| 942 | _cBK | ||
| 999 |
_c1416 _d1416 |
||